Kinh doanh chứng khoán
Nội dung quyển sách trình bày các vấn đề tổng quan về kinh doanh chứng khoán; Nghiệp vụ môi giới và tự kinh doanh chứng khoán; Nghiệp vụ bảo lãnh phát hành chứng khoán; Dịch vụ tư vấn đầu tư, tín dụng chứng khoán......
Salvato in:
| Autore principale: | |
|---|---|
| Natura: | Libro |
| Lingua: | Undetermined |
| Pubblicazione: |
Hà Nội
Tài chính
2007
|
| Soggetti: | |
| Tags: |
Aggiungi Tag
Nessun Tag, puoi essere il primo ad aggiungerne! !
|
| Thư viện lưu trữ: | Trung tâm Học liệu Trường Đại học Cần Thơ |
|---|
| LEADER | 00992nam a2200217Ia 4500 | ||
|---|---|---|---|
| 001 | CTU_136172 | ||
| 008 | 210402s9999 xx 000 0 und d | ||
| 020 | |c 39000 | ||
| 082 | |a 332.642 | ||
| 082 | |b M510 | ||
| 100 | |a Nguyễn, Thị Mùi | ||
| 245 | 0 | |a Kinh doanh chứng khoán | |
| 245 | 0 | |c Nguyễn Thị Mùi (chủ biên) | |
| 260 | |a Hà Nội | ||
| 260 | |b Tài chính | ||
| 260 | |c 2007 | ||
| 520 | |a Nội dung quyển sách trình bày các vấn đề tổng quan về kinh doanh chứng khoán; Nghiệp vụ môi giới và tự kinh doanh chứng khoán; Nghiệp vụ bảo lãnh phát hành chứng khoán; Dịch vụ tư vấn đầu tư, tín dụng chứng khoán... | ||
| 650 | |a Trung tâm Học liệu ĐH Cần Thơ,stock exchanges,Investment analysis,bank marketing | ||
| 650 | |x Kinh doanh chứng khoán | ||
| 904 | |i Năm | ||
| 980 | |a Trung tâm Học liệu Trường Đại học Cần Thơ | ||